| 000 | 00583nam a2200241 a 4500 | ||
|---|---|---|---|
| 001 | nice12345678 | ||
| 003 | IN_TiNIC | ||
| 005 | 20260116012114.0 | ||
| 008 | 050524s1953 newa grp 000 0 eng | ||
| 020 |
_a _c100 |
||
| 082 | 0 | 0 |
_a296.38 _bPOT |
| 100 | _aPoteat, Edwin Mcneill | ||
| 245 | _aMandate to Humanity | ||
| 260 |
_aNew York _bAbingdon Press _c1953 |
||
| 300 | _a238p | ||
| 500 | _aincludes index and biblioraphy | ||
| 505 | 2 | _aindex | |
| 650 | _aJudaism-Moral Theology | ||
| 700 | 1 | _aPoteat, Edwin Mcneill | |
| 902 | _bSRS | ||
| 942 | _cBK | ||
| 999 |
_c5664 _d5664 |
||